00932nam a2200181 a 450000100100000000500170001000800410002704000250006810000370009324501830013026001050031330000280041849000510044650000730049783000580057095201050062899900170073300004115020201002034647.0130920s1996 sp ac 000 0 spa d aDO-SdBNPbspacBNPHU1 aNünnerich-Asmus, Annete96769213aEl arco cuadrifronte de cáparra (cáceres) :b:un estudio sobre la arquitectura flavia en la Península Ibérica : (con resúmenes en alemán) /cAnnete Nünnerich-Asmus. aMadrid :bConsejo Superior de Investigación CientíficasbCentro de Estudios Históricos,c1996. a116 p. :bil. ;c28 cm.1 aAnejos de Archivo español de arqueologiav16 aIncluye referencias bibliográficas y notas al pie de las páginas 0aAnejos de Archivo español de arqueologiav16967693 001050718MOaGRbGRcCTd2013-09-20iLF1l0o p41150-10r2020-06-25w2020-06-25y1ZNo se presta c40640d40640